000 00540ctm a22001815a 4500
001 L156825
008 120717m18221826xxk f 000 0 eng d
035 _a(Sirsi) u156825
041 0 _aeng
245 0 0 _aField book no. 5
_bparts of the township of Brampton, Wombwell, Hoyland
_h[manuscript]
260 _c1822-1826
300 _a1 v.
_bill.
_c20 x 8 cm.
520 _aManuscript figures, with some sketches.
583 _aCondition reviewed
_c20120620
_lcondition level 3
651 4 _aYorkshire
690 _aRural
_96268
942 _n0
999 _c114439
_d114439